000 00867nam a2200241Ia 4500
003 OSt
005 20220925203919.0
006 a|||||r|||| 00| 0
007 ta
008 220923b |||||||| |||| 00| 0 eng d
037 _cGeneral Book
040 _aRTL
_cRTL
_beng
041 _2eng
_aeng
082 _aX:77.6, Q2/UN
100 _aUNITED NATIONS ECONOMIC COMMISSION FOR AFRICA
_9126590
110 _aUNITED NATIONS ECONOMIC COMMISSION FOR AFRICA
_9126589
245 0 _aMDG Report 2012
_b Assessing progress in Africa toward the millennium development goals
260 _aEthiopia
_bEconomic Commission for Africa
_c2012
300 _axix, 160p
_ccm.
700 _aUNITED NATIONS ECONOMIC COMMISSION FOR AFRICA
_9126590
942 _hX:77.6, Q2/UN
_cGB
_2CC
999 _c548102
_d548102